temas 6 e 7 historia - Estadísticas

Estadísticas generales
  • Esta prueba ha sido intentada 17 veces
  • La puntuación promedio es 3 de 33
Estadísticas de respuestas
Hint Respuesta % Correcto
Estilo musical, de moda nos anos 20 e 30, que mestura ritmos afroamericanos e europeos Jazz
75%
Lei que prohíbe a elaboración, venda e consumo de bebidas alcohólicas en EUA Lei Seca
50%
Que batalla na URSS cambio ou rumbo da guerra? Stalingrado
38%
Data da formación do eixe Berlín-Roma 1939
31%
Movemento social cuxo principal obxectivo é conseguir o voto feminino Sufraxismo
31%
Crise dos anos ’30 que sumiu ao mundo nunha grave crise e foi causa da IIGM Gran Depresión
25%
Que significan as siglas "ONU" Organización das Nacións Unidas
19%
Nome da feminista e comunista alemana que lidera a Revolta Espartaquista Rosa Luxemburgo
19%
Equipo militar que os alemáns mandan ao Norte de África e cuxa finalidade era axudar aos italianos a cortar as comunicacións na Canle de Súez África Korps
13%
Barrios das cidades nos que se concentraba a poboación xudea Gueto
13%
Fenómeno económico caracterizado pola baixada do valor dunha moeda e o aumento excesivo de prezo dos productos básicos Hiperinflación
6%
Desfile militar que Mussolini organiza para impresionar a Vítor Manuel III e que este lle ofreza o goberno Marcha sobre Roma
6%
Comunistas italianos e iugoslavos Partisanos
6%
Nome da zona desmilitarizada de Alemaña, na fronteira con Francia, que é ocupada como reacción ao retraso dos pagos alemáns Ruhr
6%
Quen se reúne na conferencia de Ialta (nomes) Stalin, Roosevelt e Churchill
6%
Que leis prohíbe aos xudeus participar na vida alemá e relacionarse cos alemáns? As leis de Nuremberg
0%
Que se acorda na conferencia de Postdam? As reparacións da guerra a pagar por Alemaña, a división de Alemaña en 4 zonas de ocupación aliada e a concesión de territorios de leste de Europa á URSS
0%
nome dos repuntes e diminucións drásticos nunha gráfica económica Dentes de serra
0%
Cando se celebra a Conferencia de Postdam? En xuño de 1945
0%
Táctica de guerra coa que Alemaña pretendía o avance rápido en occidente para despois poder invadir Francia Guerra do Lóstrego
0%
Que acontecemento histórico inicia a IIGM? Hitler invade Polonia
0%
Obxectivos da ONU Mantemento da paz e da seguridade internacional, os membros renuncian á violencia, odereito de libre determinación dos pobos defensa dos dereitos das persoas e cooperación pacífica entre os pobos
0%
Que diferenza hai na organización da paz ente a I e a IIGM? Na IGM non se trataron asuntos de paz ata que rematou o conflito, mentres que na IIGM tratáronse antes de rematar o conflito
0%
Que xuízos se celebraron para xulgar os crimes de guerra nazi? Os xuízos de Nuremberg
0%
Onde está Ialta? Península de Crimea (Ucraína)
0%
Que se lle encomenda a Stalin na Conferencia de Ialta? Que realice eleccións libres no Leste de Europa
0%
Que dúas medidas leva ao cabo EUA para saír da Gran Depresión? Repatriar os capitais que investira en Europa e reducir as importacións
0%
Nome do réxime militar que goberna a parte de Francia non ocupada directamente polos alemáns Réxime de Vichy
0%
Onde se redacta a Carta fundacional da ONU? San Francisco
0%
Define a “Paz de París” Serie de tratados asinados cos países que apoiaron a Alemaña durante a contenda.
0%
Que exército dos participantes na IIGM ocupa Berlín? Soviético
0%
Quen se reúne na conferencia de Postdam? Stalin, Truman e Attlee
0%
Forma de goberno que implantaron Hitler, Mussolini e Stalin Totalitario
0%
No se encontraron pruebas coincidentes
Distribución de puntuación
Porcentaje de gente con cada puntuación
Porcentaje por número respondido
Historial de tus puntuaciones
No has intentado esta prueba.